000 00762 a2200265 4500
001 1923
003 Complexo Educacional Contemporaneo
005 20230919125406.0
008 190715s2002 r por d
020 _a85-7232-417-8
040 _aComplexo Educacional Contemporaneo
_bpor
080 _a82-93
082 _a82-93
090 _a82-93 C714a
_bAP
_dA Obra -prima de cada autor
100 _aCollodi, Carlo
240 1 0 _aAs Aventuras de Pinóquio
_lPortuguês
260 _aSão Paulo
_bMartin Claret
_c2002
300 _a167p.
362 0 _a(2002)
650 4 _aClássicos
650 4 _aLiteratura Estrangeira
650 4 _aLiteratura Infanto Juvenil
245 1 0 _aAs Aventuras de Pinóquio
999 _c1923
_d1923